Ciclo de desarrollo y hospederos de Heraclides anchisiades anchisiades (Lepidoptera: Papilionidae) (Registro nro. 15856)

Detalles MARC
000 -CABECERA
Campo de control 005460000a22001210004500
090 ## - CLASIFICACIÓN LOCAL
Colección As
Consecutivo Seriadas
041 0# - IDIOMA
Código de idioma para texto/pista de sonido o título separado
100 1# - ASIENTO PRINCIPAL--NOMBRE PERSONAL
Nombre personal Gómez S., María del Rosario
245 10 - MENCION DE TITULO
Título Ciclo de desarrollo y hospederos de Heraclides anchisiades anchisiades (Lepidoptera: Papilionidae)
Version un modelo exploratorio para evaluar la sostenibilidad de la cría de mariposas ornamentales en la comunidad indígena de Peña Roja
700 1# - ASIENTO SECUNDARIO - NOMBRE PERSONAL
Nombre personal Fagua, Giovanny
773 1# - Item fuente:
Título Revista Colombiana de Entomología
Descripción física 1
Paginas del Articulo 69-81
Lugar, editorial y fecha de publicación 2002
Información sobre la relación 28
942 ## - ELEMENTOS ADICIONALES (KOHA)
Tipo de ítem Artículo

No hay ítems disponibles.